Neschopní generálové

Vymedzenie pojmov management a manažér. Podstata úspešnosti manažérov. Problémy, nedostatky a rezervy u manažérov. Typy riadiacich osobností.

Gespeichert in:
Bibliographische Detailangaben
1. Verfasser: Feldman, Miroslav
Format: Buchkapitel
Sprache:Tschechisch
Schlagworte:
Tags: Tag hinzufügen
Keine Tags, Fügen Sie das erste Tag hinzu!

MARC

LEADER 00000naa a2200000 4500
001 r032161
005 20230920094649.6
041 0 |a cze 
044 |a CZ 
245 1 0 |a Neschopní generálové  |c Miroslav Feldman 
520 |a Vymedzenie pojmov management a manažér. Podstata úspešnosti manažérov. Problémy, nedostatky a rezervy u manažérov. Typy riadiacich osobností. 
610 2 0 |a manažment 
610 2 0 |a manažéri 
610 2 0 |a osobnosť 
610 2 0 |a riadenie 
610 2 0 |a komunikácia manažérska 
610 2 0 |a podnikanie 
610 2 0 |a firmy 
100 1 |a Feldman, Miroslav